000
00297nam a22001217a 4500
040
_c
NUST
082
_a
297.7
_b
ASH
100
_a
Maulana Muhammad Ashraf Ali Thanvi
_9
125861
245
_a
Deen-u-Duniya
260
_a
Lahore:
_b
Jamiya Ashrafia,
_c
1995.
650
_2
Deen-u-Duniya
942
_2
ddc
_c
BK
999
_c
611514
_d
611514